| 000 | 00556nam a22001697a 4500 | ||
|---|---|---|---|
| 005 | 20251108171118.0 | ||
| 008 | 250721s1996 xx 000 0 ara d | ||
| 082 | 1 | 4 | _a214.2/عكا |
| 100 | 1 | _aالطيبي، عكاشه عبد المنان | |
| 245 | 1 | 0 | _aتلبيس الجان بدن الإنسان و إخراجه بالقرآن / |
| 264 | 1 |
_aعمان : _bدار الإسراء للنشر و التوزيع، _c1996. |
|
| 300 | _a96ص | ||
| 650 | 1 | 7 | _aأصول الدين الإسلامي |
| 650 | 1 | 7 | _aالجن |
| 942 |
_2ddc _cBK |
||
| 999 |
_c56896 _d56896 |
||